Hồ Chí Minh với sử học

Đã lưu trong:
Chi tiết về thư mục
Tác giả chính: Phan, Ngọc Liên
Định dạng: Sách
Được phát hành: H. ĐHQG Hà Nội 2000
Các nhãn: Thêm thẻ
Không có thẻ, Là người đầu tiên thẻ bản ghi này!
Thư viện lưu trữ: Trung tâm Học liệu Lê Vũ Hùng, Trường Đại học Đồng Tháp
LEADER 00647aam a22001938a 4500
001 00039091
005 20171026081025.0
008 170517s2000 ||||||Viesd
041 0 # |a Vie 
082 1 4 |a 335.434 6  |b H450CH 
100 1 # |a Phan, Ngọc Liên 
245 1 0 |a Hồ Chí Minh với sử học  |c Phan Ngọc Liên chủ biên 
260 # # |a H.  |b ĐHQG Hà Nội  |c 2000 
300 # # |a 329 tr.  |c 21 cm 
852 # # |b Kho mượn  |j KM.0022467 
852 # # |b Kho đọc  |j KD.1002252, KD.0021576 
852 # # |j KD.0021576  |j KM.0022467 
910 |d 17/05/2017 
980 # # |a Trung tâm Học liệu Lê Vũ Hùng, Trường Đại học Đồng Tháp